Стратегии и тактики в туристическом дискурсе (на материале рекламных текстов о Турции); Коммуникативные аспекты языка и культуры; Ч. 2
| Parent link: | Коммуникативные аспекты языка и культуры: сборник материалов XIV Международной научно-практической конференции студентов и молодых ученых, г. Томск, 21-23 мая 2014 г./ Национальный исследовательский Томский политехнический университет (ТПУ), Институт международного образования и языковой коммуникации (ИМОЯК) ; под ред. С. А. Песоцкой.— , 2014 Ч. 2.— 2014.— [С. 132-134] |
|---|---|
| Yazar: | |
| Müşterek Yazar: | |
| Diğer Yazarlar: | |
| Özet: | Заглавие с титульного экрана |
| Dil: | Rusça |
| Baskı/Yayın Bilgisi: |
2014
|
| Seri Bilgileri: | Функциональные аспекты когнитивных и лингвокультурологических исследований |
| Konular: | |
| Online Erişim: | http://earchive.tpu.ru/handle/11683/21567 http://www.lib.tpu.ru/fulltext/c/2014/C77/V2/029.pdf |
| Materyal Türü: | Elektronik Kitap Bölümü |
| KOHA link: | https://koha.lib.tpu.ru/cgi-bin/koha/opac-detail.pl?biblionumber=609892 |
MARC
| LEADER | 00000naa2a2200000 4500 | ||
|---|---|---|---|
| 001 | 609892 | ||
| 005 | 20260327105116.0 | ||
| 035 | |a (RuTPU)RU\TPU\conf\7426 | ||
| 035 | |a RU\TPU\conf\7425 | ||
| 090 | |a 609892 | ||
| 100 | |a 20141212d2014 k y0rusy50 ca | ||
| 101 | 0 | |a rus | |
| 102 | |a RU | ||
| 135 | |a drcn ---uucaa | ||
| 181 | 0 | |a i | |
| 182 | 0 | |a b | |
| 200 | 1 | |a Стратегии и тактики в туристическом дискурсе (на материале рекламных текстов о Турции) |f Айдынли Мехмет Али |g науч. рук. А. Н. Серебренникова | |
| 203 | |a Текст |c электронный | ||
| 225 | 1 | |a Функциональные аспекты когнитивных и лингвокультурологических исследований | |
| 300 | |a Заглавие с титульного экрана | ||
| 337 | |a Adobe Reader | ||
| 461 | 1 | |0 (RuTPU)RU\TPU\conf\7313 |t Коммуникативные аспекты языка и культуры |o сборник материалов XIV Международной научно-практической конференции студентов и молодых ученых, г. Томск, 21-23 мая 2014 г. |o в 3 ч. |f Национальный исследовательский Томский политехнический университет (ТПУ), Институт международного образования и языковой коммуникации (ИМОЯК) ; под ред. С. А. Песоцкой |d 2014 | |
| 463 | 0 | |0 (RuTPU)RU\TPU\conf\7319 |t Ч. 2 |v [С. 132-134] |d 2014 | |
| 610 | 1 | |a труды учёных ТПУ | |
| 610 | 1 | |a электронный ресурс | |
| 610 | 1 | |a стратегии | |
| 610 | 1 | |a тактика | |
| 610 | 1 | |a туристический рынок | |
| 610 | 1 | |a дискурс | |
| 610 | 1 | |a рекламные тексты | |
| 610 | 1 | |a Турция | |
| 700 | 0 | |a Айдынли Мехмет Али | |
| 702 | 1 | |a Серебренникова |b А. Н. |c филолог |c доцент Томского политехнического университета, кандидат филологических наук |f 1975- |g Анна Николаевна |4 727 | |
| 712 | 0 | 2 | |a Национальный исследовательский Томский политехнический университет (ТПУ) |b Институт международного образования и языковой коммуникации (ИМОЯК) |b Кафедра русского языка и литературы (РЯЛ) |3 (RuTPU)RU\TPU\col\18974 |
| 801 | 2 | |a RU |b 63413507 |c 20210917 |g RCR | |
| 856 | 4 | |u http://earchive.tpu.ru/handle/11683/21567 | |
| 856 | 4 | |u http://www.lib.tpu.ru/fulltext/c/2014/C77/V2/029.pdf | |
| 942 | |c BK | ||